Fuel Cell Systems Explained (Record no. 595840)
[ view plain ]
| 000 -LEADER | |
|---|---|
| fixed length control field | 00405nam a22001577a 4500 |
| 020 ## - INTERNATIONAL STANDARD BOOK NUMBER | |
| International Standard Book Number | 9780768012590 |
| 040 ## - CATALOGING SOURCE | |
| Transcribing agency | NUST |
| 082 ## - DEWEY DECIMAL CLASSIFICATION NUMBER | |
| Classification number | 621.312429 LAR |
| 100 ## - MAIN ENTRY--PERSONAL NAME | |
| Personal name | Larminie, James |
| 9 (RLIN) | 114501 |
| 110 ## - MAIN ENTRY--CORPORATE NAME | |
| Corporate name or jurisdiction name as entry element | Andrew Dicks |
| 9 (RLIN) | 114502 |
| 245 ## - TITLE STATEMENT | |
| Title | Fuel Cell Systems Explained |
| 250 ## - EDITION STATEMENT | |
| Edition statement | Second Edition |
| 260 ## - PUBLICATION, DISTRIBUTION, ETC. | |
| Place of publication, distribution, etc. | India: |
| Name of publisher, distributor, etc. | Wiley, |
| Date of publication, distribution, etc. | 2003. |
| 650 ## - SUBJECT ADDED ENTRY--TOPICAL TERM | |
| Topical term or geographic name entry element | Fuel Cell Systems Explained |
| 9 (RLIN) | 114503 |
| 942 ## - ADDED ENTRY ELEMENTS (KOHA) | |
| Source of classification or shelving scheme | |
| Koha item type | Book |
| Withdrawn status | Lost status | Source of classification or shelving scheme | Damaged status | Not for loan | Permanent Location | Current Location | Shelving location | Date acquired | Total Checkouts | Full call number | Barcode | Date last seen | Price effective from | Koha item type |
|---|---|---|---|---|---|---|---|---|---|---|---|---|---|---|
| College of Electrical & Mechanical Engineering (CEME) | College of Electrical & Mechanical Engineering (CEME) | General Stacks | 09/08/2023 | 621.312429 LAR | CEME- 40084 | 09/08/2023 | 09/08/2023 | Book |
